Ricostruisci la Carriera del Calciatore - Diego Godín - Statistics

Statistiche generali
  • Questo quiz è stato fatto 5 volte
  • Il punteggio medio è 3 su 9
Statistiche sulle risposte
Hint Risposta % Corretto
2019-2020 Inter
80%
2020-2022 Cagliari
60%
2022 Atlético Mineiro
40%
2024- Porongos
40%
2010-2019 Atlético Madrid
20%
2003-2006 Cerro
20%
2006-2007 Nacional
20%
2022-2023 Vélez Sarsfield
0%
2007-2010 Villarreal
0%
Nessun quiz corrispondente trovato
Distribuzione punteggi
Percentuale di utenti per punteggio
Percentile per numero di risposta
I tuoi punteggi nel tempo
Non hai fatto questo quiz